Swimming Pools - Kendrick Lamar (All Lyrics) - Statistics

General Stats
  • This quiz has been taken 471 times
  • The average score is 420 of 587
Answer Stats
Hint Answer % Correct
Po-
98%
I
97%
a
94%
Chorus N****,
94%
up
94%
up,
94%
shot
93%
(drank),
92%
(drank)
92%
(Drank),
92%
(Drank)
92%
in
92%
the
92%
you
90%
do
89%
pool
89%
Pool
89%
it
88%
dive
87%
of
85%
on
85%
full
84%
liquor,
84%
liquor
84%
to
83%
two
83%
Two
83%
and
82%
shots?
82%
shots,
82%
swimming
82%
I'm
81%
why
80%
down
79%
down,
79%
or
79%
three
79%
Sit
78%
then
78%
me
75%
me,
75%
get
74%
head
74%
how
74%
only
74%
some
74%
Some
74%
stand
74%
bottles
73%
bottles,
73%
show
73%
out
72%
out,
72%
Faded
71%
faded
71%
not
71%
Verse1 Now,
70%
now
70%
people
70%
wanna
69%
turn
68%
wake
68%
room,
67%
babysittin'
66%
feel,
66%
life
66%
notch
66%
Pass
66%
their
66%
was
66%
I'ma
64%
like
64%
my
64%
another
63%
livin'
63%
what
63%
dark
62%
First,
62%
said
62%
sip,
62%
sorrow
62%
way
62%
kill
61%
Intro | PostChorus Pour
61%
all
60%
All
60%
Kendrick
60%
that
60%
That
60%
Chicago
59%
girls
59%
somebody
59%
they
59%
got
58%
by
56%
By
56%
grew
56%
see
56%
watch
56%
your
56%
be
55%
Granddaddy
55%
had
55%
make
55%
play
55%
problem
55%
Took
55%
with
55%
fucked
54%
golden
54%
listen
54%
minute
54%
one
54%
One
54%
lookin'
53%
loud
53%
popular,
53%
Baywatch
52%
few
52%
fit
52%
record
52%
soon
52%
open
51%
repeat
51%
Changin'
50%
flask,
50%
hear
50%
round
50%
done
49%
mind
49%
take
49%
crowd
48%
history,
48%
will
48%
cup
47%
tunes,
47%
if
46%
If
46%
Verse2 Okay,
46%
vow
46%
wave
45%
am
43%
day
43%
fillin'
43%
Hop
43%
every
42%
'em
41%
eyes
41%
know
40%
love
40%
flock
39%
her
38%
backstroke
37%
feelin'
37%
feelin',
37%
hundred
34%
right
34%
vibe,
34%
victory,
34%
you're
34%
drown
33%
lead
33%
hopin'
32%
bang
31%
bang?
31%
mood
30%
chopper,
29%
conscience,
29%
think
29%
is
28%
limit
28%
as
27%
ride,
27%
This
27%
this
27%
poison,
25%
abusin'
24%
nauseous
23%
over-
22%
capitalize,
21%
are
20%
vodka
20%
doin',
19%
doin'
19%
freedom
19%
damage
18%
someone
18%
parental
17%
influenced
16%
most
16%
thought
14%
granted
13%
apparently,
11%
arrived
10%
'til
10%
advised,
3%
No matching quizzes found
Score Distribution
Percent of People with Each Score
Percentile by Number Answered
Your Score History
You have not taken this quiz